| 000 | 00488nam a2200181Ia 4500 | ||
|---|---|---|---|
| 008 | 240925s9999 xx 000 0 und d | ||
| 020 | _a052158647X | ||
| 082 | _a428 MCC | ||
| 100 | _aMcCarthy, Michael | ||
| 245 | 0 | _aEnglish Vocabulary In Use | |
| 250 | _aNA | ||
| 260 |
_aCambridge: _bCambridge Universty press _c,1996. |
||
| 300 |
_axv,492p. _bNA _fPirated |
||
| 500 | _aIncludes Index | ||
| 600 | _aHumanities & Natural Science | ||
| 650 | _aEnglish and Old English | ||
| 942 | _cBK | ||
| 999 |
_c6702 _d6702 |
||